Food for thought : Gigi and Ojiji / Melissa Iwai.
Ohayo! It’s breakfast time and Gigi can’t wait to make her favorite meal—Peanut Butter Toast. Yummy! But Ojiji doesn’t like peanut butter. How can anyone NOT like peanut butter Ojiji prefers Japanese foods—like natto, made from fermented soybeans. Will Gigi learn to love a new breakfast treat This story highlights the close relationship of Gigi and her grandfather and the importance of trying new things!
Record details
- ISBN: 9780063208124
- ISBN: 0063208121
- ISBN: 9780063208117
- ISBN: 0063208113
- ISBN: 9781518292583
- ISBN: 1518292585
- Physical Description: 32 pages : color illustrations ; 24 cm.
- Edition: First edition.
- Publisher: New York : Harper, an imprint of HarperCollins Publishers, [2023]
Content descriptions
| Citation/References Note: | Junior Library Guild |
| Awards Note: | Garden State Book Award Nominee for Early Readers (2026) A Junior Library Guild selection (JLG) |
Search for related items by subject
| Subject: | Japanese Americans > Juvenile fiction. Nattō > Juvenile fiction. Food > Juvenile fiction. Families > Juvenile fiction. Family life > Fiction. Breakfasts > Juvenile fiction. |
| Genre: | Food Picture Books Cultural Fiction Juvenile works Readers (Publications) |
Search for related items by series
Available copies
- 1 of 1 copy available at scottsboropl.
Holds
- 0 current holds with 1 total copy.
Show Only Available Copies
| Location | Call Number / Copy Notes | Barcode | Shelving Location | Status | Due Date |
|---|---|---|---|---|---|
| scottsboropl | BR Iwa | 32269001284150 | Juvenile - Beginning Reader | Available | - |
| LDR | 04741cam a2200997 i 4500 | ||
|---|---|---|---|
| 001 | 166627 | ||
| 003 | SBPL | ||
| 005 | 20251007121537.0 | ||
| 008 | 221225t20232023nyua j 000 1 eng d | ||
| 007 | t| | ||
| 010 | . | ‡a 2023932461 | |
| 020 | . | ‡a9780063208124 ‡q(trade binding) | |
| 020 | . | ‡a0063208121 ‡q(trade binding) | |
| 020 | . | ‡a9780063208117 ‡q(paperback) | |
| 020 | . | ‡a0063208113 ‡q(paperback) | |
| 020 | . | ‡a9781518292583 ‡q(PawPrints) | |
| 020 | . | ‡a1518292585 ‡q(PawPrints) | |
| 024 | 3. | ‡a9780063208124 ‡d51799 | |
| 035 | . | ‡a(OCoLC)1355011408 ‡z(OCoLC)1355017399 ‡z(OCoLC)1380377751 ‡z(OCoLC)1382351336 ‡z(OCoLC)1397074777 ‡z(OCoLC)1397514174 ‡z(OCoLC)1410952746 ‡z(OCoLC)1414107100 ‡z(OCoLC)1446239298 ‡z(OCoLC)1452427685 ‡z(OCoLC)1455717095 ‡z(OCoLC)1458585449 ‡z(OCoLC)1464116521 ‡z(OCoLC)1476901646 ‡z(OCoLC)1481649234 ‡z(OCoLC)1499142897 ‡z(OCoLC)1521922010 ‡z(OCoLC)1523758465 ‡z(OCoLC)1531384750 | |
| 050 | 1 | 4. | ‡aPZ7.I9528 ‡bFo 2023 |
| 082 | 0 | 4. | ‡a[E] ‡223/eng/20230825 |
| 100 | 1 | . | ‡aIwai, Melissa,: ‡eauthor,: ‡eillustrator. |
| 245 | 1 | 0. | ‡aFood for thought : ‡bGigi and Ojiji / ‡cMelissa Iwai. |
| 246 | 1 | . | ‡iAt head of title: ‡aGigi and Ojiji |
| 246 | 3 | 0. | ‡aGigi and Ojiji. ‡pFood for thought |
| 250 | . | ‡aFirst edition. | |
| 264 | 1. | ‡aNew York : ‡bHarper, an imprint of HarperCollins Publishers, ‡c[2023] | |
| 300 | . | ‡a32 pages : ‡bcolor illustrations ; ‡c24 cm. | |
| 336 | . | ‡atext ‡btxt ‡2rdacontent | |
| 336 | . | ‡astill image ‡bsti ‡2rdacontent | |
| 337 | . | ‡aunmediated ‡bn ‡2rdamedia | |
| 338 | . | ‡avolume ‡bnc ‡2rdacarrier | |
| 340 | . | ‡pillustration. ‡2rdaill | |
| 490 | 1 | . | ‡aGigi & Ojiji : ‡vBk 3 |
| 490 | 1 | . | ‡aI can read!, 3, Reading alone |
| 510 | 3 | . | ‡aJunior Library Guild |
| 520 | . | ‡aOhayo! It’s breakfast time and Gigi can’t wait to make her favorite meal—Peanut Butter Toast. Yummy! But Ojiji doesn’t like peanut butter. How can anyone NOT like peanut butter Ojiji prefers Japanese foods—like natto, made from fermented soybeans. Will Gigi learn to love a new breakfast treat This story highlights the close relationship of Gigi and her grandfather and the importance of trying new things! | |
| 586 | . | ‡aGarden State Book Award Nominee for Early Readers (2026) | |
| 586 | . | ‡aA Junior Library Guild selection (JLG) | |
| 650 | 0. | ‡aJapanese Americans ‡vJuvenile fiction. | |
| 650 | 0. | ‡aNattō ‡vJuvenile fiction. | |
| 650 | 0. | ‡aFood ‡vJuvenile fiction. | |
| 650 | 0. | ‡aFamilies ‡vJuvenile fiction. | |
| 650 | 0. | ‡aFamily life ‡vFiction. | |
| 650 | 0. | ‡aBreakfasts ‡vJuvenile fiction. | |
| 655 | 7. | ‡aFood | |
| 655 | 7. | ‡aPicture Books | |
| 655 | 7. | ‡aCultural | |
| 655 | 7. | ‡aFiction ‡2fast | |
| 655 | 7. | ‡aJuvenile works | |
| 655 | 7. | ‡aReaders (Publications) ‡2lcgft | |
| 830 | 1 | . | ‡aIwai, Melissa. ‡tGigi and Ojiji. |
| 830 | 0. | ‡aI can read book. | |
| 901 | . | ‡a166627 ‡bAUTOGEN ‡c166627 ‡tbiblio | |